Statistiques concernant Petit Bac #23 - Pays d'Europe

Cliquez ici pour prendre le quiz!

Statistiques générales

  • Ce quiz a été pris 659 fois
  • Le résultat moyen est 17 sur 18

Statistiques - réponses

1ère Lettre Pays % Correct
AAlbanie / Allemagne / Andorre / Autriche
99%
PPays-Bas / Pologne / Portugal
99%
EEspagne / Estonie
99%
FFinlande / France
99%
SSaint-Marin / Serbie / Slovaquie / Slovénie / Suède / Suisse
99%
IIrlande / Islande / Italie
99%
BBelgique / Biélorussie / Bosnie-Herzégovine / Bulgarie
99%
LLettonie / Liechtenstein / Lituanie / Luxembourg
99%
RRépublique Tchèque / Roumanie / Royaume-Uni / Russie
98%
DDanemark
97%
MMacédoine du Nord / Malte / Moldavie / Monaco / Monténégro
95%
HHongrie
93%
CCroatie
90%
VVatican
89%
GGrèce
88%
UUkraine
87%
NNorvège
85%
KKosovo
85%

Distribution des résultats

Percentile by Number Answered

% des personnes avec chaque résultat

Votre développement - résultats

Vous n’avez pas pris ce quiz